Problemas de Física (con los resultados) / (Record no. 96333)

MARC details
000 -LEADER
campo de control de longitud fija 00847nam a2200241 i 4500
001 - NÚMERO DE CONTROL
campo de control 96333
003 - IDENTIFICADOR DE NÚMERO DE CONTROL
campo de control ES-MaACL
005 - FECHA Y HORA DE LA ÚLTIMA TRANSACCIÓN
campo de control 20230906181907.0
007 - CAMPO FIJO DE DESCRIPCIÓN FÍSICA--INFORMACIÓN GENERAL
campo de control de longitud fija t|
008 - DATOS DE LONGITUD FIJA--INFORMACIÓN GENERAL
campo de control de longitud fija 050615s1949 sp ||||1| spa d
100 1# - ENTRADA PRINCIPAL--NOMBRE DE PERSONA
Nombre de persona Mahler, G. (Gottfried) (
Fechas asociadas al nombre 1854-1919)
9 (RLIN) 157230
245 10 - MENCIÓN DEL TÍTULO
Título Problemas de Física (con los resultados) /
Mención de responsabilidad, etc. por G. Mahler, K. Mahler; traducción de la 6ª edición alemana por el profesor José Mª Vidal Llenas.
250 ## - MENCION DE EDICION
Mención de edición 3ª ed. notablemente mejorada.
260 ## - PUBLICACIÓN, DISTRIBUCIÓN, ETC.
Lugar de publicación, distribución, etc. Barcelona :
Nombre del editor, distribuidor, etc. Labor,
Fecha de publicación, distribución, etc. 1949.
300 ## - DESCRIPCIÓN FÍSICA
Extensión 170 p. ;
Dimensiones 19 cm.
490 1# - MENCIÓN DE SERIE
Mención de serie Manuales técnicos Labor ;
Designación de volumen o secuencia 6
650 04 - PUNTO DE ACCESO ADICIONAL DE MATERIA--TÉRMINO DE MATERIA
Término de materia o nombre geográfico como elemento de entrada Física-
Subdivisión de forma Problemas.
9 (RLIN) 12885
700 1# - ENTRADA AGREGADA--NOMBRE PERSONAL
Nombre de persona Vidal Llenas, José María.
9 (RLIN) 114499
700 1# - ENTRADA AGREGADA--NOMBRE PERSONAL
Nombre de persona Mahler, K.
9 (RLIN) 157231
830 0# - PUNTO DE ACCESO ADICIONAL DE SERIE-TÍTULO UNIFORME
Título uniforme Manuales técnicos Labor ;
Designación de volumen o secuencia 6
9 (RLIN) 184031
852 ## - LOCALIZACIÓN
Ubicación ES-MaACL
Número de control de estantería D-5822
Sublocalización o colección R.31816
Holdings
Estatus retirado Estado de pérdida Estado de daño No para préstamo Biblioteca de origen Biblioteca actual Ubicación en estantería Fecha de adquisición Fuente de adquisición Total de préstamos Signatura topográfica completa Código de barras Visto por última vez Precio de reemplazo Tipo de ítem Koha
        Biblioteca del Ateneo de Madrid Biblioteca del Ateneo de Madrid Sala Valle Inclán 17/01/2008     D-5822 901100576 23/02/2023 23/02/2023 Libro impreso